[Event "Mogliano Veneto op-B 32nd"]
[Site "Mogliano Veneto"]
[Date "2011.04.30"]
[Round "3"]
[White "Pietrobon, Mirco"]
[Black "Zangrando, Gianpietro"]
[Result "0-1"]
[WhiteElo "1603"]
[BlackElo "1827"]
[PlyCount "52"]
[EventDate "2011.04.29"]
[EventType "swiss"]
[EventRounds "5"]
[EventCountry "ITA"]
[SourceTitle "EXT 2024"]
[Source "ChessBase"]
[SourceDate "2023.10.10"]
[SourceVersion "1"]
[SourceVersionDate "2023.10.10"]
[SourceQuality "1"]

1. d4 f5 2. e4 fxe4 3. Nc3 Nf6 4. f3 e3 5. Bxe3 e6 6. Bd3 Nc6 7. Qe2 Bb4 8. Nh3 0-0 9. 0-0 d6 10. Ne4 e5 11. Nxf6+ Qxf6 12. c3 Bxh3 13. Bc4+ Kh8 14. dxe5 Nxe5 15. f4 Nxc4 16. Qxc4 Qg6 17. Qd5 Bc5 18. Bxc5 dxc5 19. Rf2 c6 20. Qxc5 Rxf4 21. Raf1 h6 22. Kh1 Rxf2 23. Qxf2 Be6 24. a3 Bd5 25. Re1 Kh7 26. h4 Rf8 0-1

[Event "Padova Fornace op 4th"]
[Site "Padova"]
[Date "2001.12.15"]
[Round "1.27"]
[White "Pietrobon, Mirco"]
[Black "Goi, Veronika"]
[Result "0-1"]
[WhiteElo "1500"]
[BlackElo "1675"]
[PlyCount "100"]
[EventDate "2001.12.15"]
[EventType "swiss"]
[EventRounds "6"]
[EventCountry "ITA"]
[SourceTitle "EXT 2024"]
[Source "ChessBase"]
[SourceDate "2023.10.10"]
[SourceVersion "1"]
[SourceVersionDate "2023.10.10"]
[SourceQuality "1"]

1. d4 e6 2. c4 d5 3. Nc3 Nf6 4. e3 c6 5. Nf3 Nbd7 6. Bd3 Bd6 7. c5 Bb8 8. 0-0 0-0 9. b4 Qc7 10. g3 e5 11. e4 dxe4 12. Nxe4 Nxe4 13. Bxe4 Nf6 14. Bc2 Nd5 15. a3 exd4 16. Qxd4 Qd8 17. Bb2 Qf6 18. Qe4 Qg6 19. Qxg6 fxg6 20. Nd2 a5 21. Bb3 Be6 22. Bxd5 Bxd5 23. Rfe1 Bc7 24. Bc3 b6 25. Re7 Rf7 26. Rxf7 Kxf7 27. Re1 axb4 28. Bxb4 b5 29. Nb1 Bb3 30. Re3 Bd5 31. Bc3 Bd8 32. Bb4 Bf6 33. Kf1 Rd8 34. Nc3 Bc4+ 35. Kg1 Rd3 36. Rxd3 Bxd3 37. Nd1 Ke6 38. Ne3 Bd4 39. Kg2 Be4+ 40. Kf1 Ke5 41. Ke2 h5 42. Bd2 Bb2 43. Bb4 Kd4 44. Kd2 Ke5 45. Bc3+ Bxc3+ 46. Kxc3 g5 47. h3 g6 48. g4 Kf4 49. Kd4 Bh1 50. Nc2 Kf3 0-1